00624 2200193 4500001002100000005001500021035002000036008004100056245002700097100001900124250000600143260003200149300001200181084001400193082000800207650001000215520019300225990001200418INLIS00000000000100720240528105351 a0010-0524000242240528 1 ind 1 a11.11 /cFiersa Besari aBesari, Fiersa a1 aJakarta :bMediakita,c2018 a302 hlm a813 FIE 1 a813 4aFiksi aBuku 11:11 ini berisi sebelas cerita dan sebelas lagu. Setiap cerita memiliki lagu pengiring yang ibarat film adalah soundtracknya. Buku ini sejatinya adalah buku kumpulan cerita pendek. a0743984